01017nab a2200277 uc450000100070000000500170000700800410002403500110006503500210007604000130009704100080011010000430011824500930016165000290025465000250028365000260030870000440033470000420037870000440042070000560046470000480052070000410056877301010060994200100071099900190072072668920240818090540.0020318s2000 spa  a726689 a(OCoLC)819937150 ccomduadb aspa10aLopez Mantilla, Lien4auteaut953193410aEstudio de la presencia de anticuerpos anti-estreptocina en diferentes especies animales 7aAnticuerpos2decs949114 aStreptococcus931320 7aAnimales2lemb93341810aGarcia Castillo, Elsa4auteaut935352610aGonzalez Griego, A.4auteaut935352710aAlerm Gonzalez, Alina4auteaut935352810aGonzalez Ramirez, Victoria Esther4auteaut953047110aSantiesteban Torres, J.A.4auteaut935664910aSalgado Borges, A.4auteaut95304720 tRevista de Salud Animal (La Habana)gVol. 22, No. 03, 2000, p. 150-154w353716z0253570X0113095 cARIMP c233333d233333